000 00734ngm a2200241Ia 4500
001 CINE01286
003 EcQuCN
006 a||||gr|||| 00| mz
007 mc nfubzzgazauz|c201508
008 150827s ec ||||g |||| 00| mzspa d
040 _aEcQuCN
084 _aDVDER368 (trailer) / DVDER846
100 1 _aCoba Riofrio,Camilo
_edirector
245 1 0 _aEL SILENCIO NO EXISTE
_cDirigida por: Camilo Coba Riofrio; Producida por: JORGE EL MAALOUF / RIO PICTURES
260 _aQuito 
_bCinemateca Nacional
_c2007
300 _a87 minutos
380 _aFICCION
500 _aDVDER846 1era. CONVOCATORIA CNCINE 2007
516 _aDVD
522 _aECUADOR
700 1 _aJorge el Maalouf / Rio Pictures
_eproductor
942 _2z
_cPEL
999 _c1328
_d1328